000 00565nam a22001697a 4500
999 _c8468
_d8468
008 201125b ||||| |||| 00| 0 eng d
040 _aBMS College of Architecture
100 _aS, Gayathri
245 _aA care in return - veterans rehabilitation center and memorial coonoor
300 _a68p.
500 _a1BM14AT080
502 _8B,Arch
_NBMS College of Architecture, Visvesvaraya Technological University (VTU)
_aProject report
_d2018
650 _aRehabilitation center
700 _aAnand H M
_eGuide
700 _aKoshy P Koshy
_eGuide
942 _2ddc
_cTHE